Central Library OPAC University of Rajshahi

Modern advances in inorganic chemistry / (Record no. 10152)

MARC details
000 -LEADER
fixed length control field 00831cam a22002651 4500
001 - CONTROL NUMBER
control field 10152
003 - CONTROL NUMBER IDENTIFIER
rucl marc code BD-RjUL
005 - DATE AND TIME OF LATEST TRANSACTION
control field 20211208234912.0
008 - FIXED-LENGTH DATA ELEMENTS--GENERAL INFORMATION
fixed length control field 140123s1948 enka 001 0 eng d
035 ## - SYSTEM CONTROL NUMBER
System control number (BD-RjUL)10200
040 ## - CATALOGING SOURCE
Original cataloging agency DLC/ICU
Transcribing agency ICU
Modifying agency ICU
-- BD-RjUL
Language of cataloging eng
041 ## - LANGUAGE CODE
Language code of text/sound track or separate title eng
082 00 - DEWEY DECIMAL CLASSIFICATION NUMBER
Classification number 546
Author mark and year MAM 1948
100 1# - MAIN ENTRY--PERSONAL NAME
Personal name Maxted, Edward B.
Fuller form of name (Edward Bradford),
Dates associated with a name 1887-
9 (RLIN) 31346
245 10 - TITLE STATEMENT
Title Modern advances in inorganic chemistry /
Statement of responsibility, etc. Edward B, Maxted.
260 ## - PUBLICATION, DISTRIBUTION, ETC. (IMPRINT)
Place of publication, distribution, etc. Oxford :
Name of publisher, distributor, etc. Clarendon Press,
Date of publication, distribution, etc. 1948.
300 ## - PHYSICAL DESCRIPTION
Pagination vi, 296 p.
Illustrations diagrs.
Size 24 cm.
500 ## - GENERAL NOTE
General note Additional text on slip attached to p. [172]
504 ## - BIBLIOGRAPHY, ETC. NOTE
Bibliography, etc Bibliographical footnotes.
650 #0 - SUBJECT ADDED ENTRY--TOPICAL TERM
Topical term or geographic name as entry element Chemistry, Inorganic.
9 (RLIN) 31348
Topical term or geographic name as entry element Chemistry, Physical and theoretical.
9 (RLIN) 31349
942 ## - ADDED ENTRY ELEMENTS (KOHA)
Source of classification or shelving scheme Dewey Decimal Classification
Koha item type Books
Holdings
Lost status Source of classification or shelving scheme Damaged status Not for loan Collection code Permanent Location Current Location Shelving location Date acquired Source of acquisition Cost, normal purchase price Total Checkouts Full call number Date last seen Copy number Koha item type
  Dewey Decimal Classification   Not For Loan Non-fiction Central Library, University of Rajshahi Central Library, University of Rajshahi Reading Room 16/11/1957 Oxford University press 24.60   546 MAM 1948 23/01/2014 C-1 Books
  Dewey Decimal Classification     Non-fiction Central Library, University of Rajshahi Central Library, University of Rajshahi   30/01/1958 B.H. Blackwell 1.00   546 MAM 1948 20/04/2017 C-2 Books